00367nam a22001097a 4500082000800000100001800008245009800026260003600124300002700160650004500187700002500232 a005 aWaris, Madiha aIndexing of unstructured data for searchable encryption in cloud environment /cMadiha Waris. aIslamabad:bCEME - NUST,c2013. a61 p. :bill. ;c30cm. aComputer Software Engineering MS-Thesis. aDr. Shoab Ahmed khan